<?xml version="1.0" encoding="UTF-8"?>
<record
    xmlns:xsi="http://www.w3.org/2001/XMLSchema-instance"
    xsi:schemaLocation="http://www.loc.gov/MARC21/slim http://www.loc.gov/standards/marcxml/schema/MARC21slim.xsd"
    xmlns="http://www.loc.gov/MARC21/slim">

  <leader>02203nam a2200325 i 4500</leader>
  <controlfield tag="003">DO-SdBNP</controlfield>
  <controlfield tag="005">20240205140148.0</controlfield>
  <controlfield tag="007">ta</controlfield>
  <controlfield tag="008">110413s2020    dr a          000 j spa d</controlfield>
  <datafield tag="040" ind1=" " ind2=" ">
    <subfield code="a">DO-SdBNP</subfield>
    <subfield code="b">spa</subfield>
    <subfield code="c">BNPHU</subfield>
    <subfield code="e">rda</subfield>
  </datafield>
  <datafield tag="082" ind1=" " ind2=" ">
    <subfield code="b">D159</subfield>
    <subfield code="2">22</subfield>
  </datafield>
  <datafield tag="100" ind1=" " ind2=" ">
    <subfield code="a">Damir&#xF3;n, Anya</subfield>
    <subfield code="9">43024</subfield>
  </datafield>
  <datafield tag="245" ind1="1" ind2="0">
    <subfield code="a">D&#xED;a de lluvia /</subfield>
    <subfield code="c">anya Damir&#xF3;n ; ilustrador Nicole Melo</subfield>
  </datafield>
  <datafield tag="264" ind1=" " ind2="1">
    <subfield code="a">Santo Domingo :</subfield>
    <subfield code="b">USAID,</subfield>
    <subfield code="b">UNIBE,</subfield>
    <subfield code="c">2020.</subfield>
  </datafield>
  <datafield tag="300" ind1=" " ind2=" ">
    <subfield code="a">8 p&#xE1;ginas </subfield>
    <subfield code="c">22 cm.</subfield>
    <subfield code="b">Ilustraciones </subfield>
  </datafield>
  <datafield tag="336" ind1=" " ind2=" ">
    <subfield code="2">rdacontent</subfield>
    <subfield code="a">texto</subfield>
    <subfield code="b">txt</subfield>
  </datafield>
  <datafield tag="337" ind1=" " ind2=" ">
    <subfield code="2">rdamedia</subfield>
    <subfield code="a">sin mediaci&#xF3;n </subfield>
    <subfield code="b">n</subfield>
  </datafield>
  <datafield tag="338" ind1=" " ind2=" ">
    <subfield code="2">rdacarrier</subfield>
    <subfield code="a">volumen</subfield>
    <subfield code="b">nc</subfield>
  </datafield>
  <datafield tag="490" ind1="1" ind2=" ">
    <subfield code="a">Libros decodificables</subfield>
    <subfield code="a">Proyecto leer</subfield>
    <subfield code="v">Etapa D-4</subfield>
  </datafield>
  <datafield tag="500" ind1=" " ind2=" ">
    <subfield code="a">Los libros decodificables est&#xE1;n compuestos de textos redactados con dificultad progresiva. Cada etapa decodificable enfatiza ciertas combinaciones de letras y sonidos tomando en cuenta el orden de frecuencia en la que aparecen en el idioma espa&#xF1;ol, y el nivel de dificultad de la relaci&#xF3;n letra-sonidos.</subfield>
  </datafield>
  <datafield tag="500" ind1=" " ind2=" ">
    <subfield code="a">Para docentes y tutores. </subfield>
  </datafield>
  <datafield tag="500" ind1=" " ind2=" ">
    <subfield code="a">Combinaci&#xF3;n de grafemas: g (ga), g (gue), &#xFC; gl, r, rr.</subfield>
  </datafield>
  <datafield tag="500" ind1=" " ind2=" ">
    <subfield code="a">Grafemas anteriores: a, m, e, n, o, s, i, l, u y, f, p, t, b, d, c (ca), q, v, ll, y (ya), h, ch, cl, bl, fl, pl.</subfield>
  </datafield>
  <datafield tag="520" ind1=" " ind2=" ">
    <subfield code="a">Un d&#xED;a de lluvia olvid&#xE9; mi paraguas y pens&#xE9;: &#x201C;&#xBF;Y ahora? &#xBF;Qu&#xE9; har&#xE9;?&#x201D;. Busqu&#xE9; alrededor y encontr&#xE9; una soluci&#xF3;n: un peri&#xF3;dico viejo us&#xE9; para taparme bien. Pero llov&#xED;a tan fuerte que, en menos de un minuto, el peri&#xF3;dico qued&#xF3; mojado por completo. &#x201C;&#xBF;Y ahora? &#xBF;Qu&#xE9; har&#xE9;? Con esta agua me enfermar&#xE9;&#x201D;. Busqu&#xE9; alrededor y encontr&#xE9; otra soluci&#xF3;n: un ramo de flores us&#xE9; y estaba mucho mejor. Pero el viento sopl&#xF3; y sopl&#xF3; y las flores volaron por todas partes, cuando apenas hab&#xED;a pasado tres calles. &#xBF;Y ahora? &#xBF;Qu&#xE9; har&#xE9;?&#x201D;. Busqu&#xE9; alrededor y encontr&#xE9; una mejor soluci&#xF3;n: una funda pl&#xE1;stica us&#xE9; y mi cabello por fin tap&#xE9;. Llegu&#xE9; a casa un poco mojado y con los zapatos marr&#xF3;n por todo el camino enlodado. Creo que nunca m&#xE1;s volver&#xE9; a dejar mi paraguas olvidado</subfield>
  </datafield>
  <datafield tag="521" ind1=" " ind2=" ">
    <subfield code="a">Nivel primario</subfield>
  </datafield>
  <datafield tag="590" ind1=" " ind2=" ">
    <subfield code="a">Inventariado, 2024/ YL</subfield>
  </datafield>
  <datafield tag="700" ind1=" " ind2=" ">
    <subfield code="a">Melo, Nicole</subfield>
    <subfield code="9">51092</subfield>
    <subfield code="e">ilustraciones</subfield>
  </datafield>
  <datafield tag="910" ind1=" " ind2=" ">
    <subfield code="a">YLockward</subfield>
  </datafield>
  <datafield tag="942" ind1=" " ind2=" ">
    <subfield code="2">ddc</subfield>
    <subfield code="c">LF2</subfield>
  </datafield>
  <datafield tag="952" ind1=" " ind2=" ">
    <subfield code="0">0</subfield>
    <subfield code="1">0</subfield>
    <subfield code="2">ddc</subfield>
    <subfield code="5">1</subfield>
    <subfield code="7">0</subfield>
    <subfield code="8">CIJ-PD</subfield>
    <subfield code="a">BNPHU</subfield>
    <subfield code="b">BNPHU</subfield>
    <subfield code="c">CT</subfield>
    <subfield code="d">2023-07-20</subfield>
    <subfield code="e">USAID- UNIBE</subfield>
    <subfield code="l">0</subfield>
    <subfield code="o">BNPHU F-CIJ-PD D159</subfield>
    <subfield code="p">2024-0659</subfield>
    <subfield code="r">2024-02-05</subfield>
    <subfield code="w">2024-02-05</subfield>
    <subfield code="y">LF2</subfield>
  </datafield>
  <datafield tag="952" ind1=" " ind2=" ">
    <subfield code="0">0</subfield>
    <subfield code="1">0</subfield>
    <subfield code="2">ddc</subfield>
    <subfield code="5">1</subfield>
    <subfield code="7">0</subfield>
    <subfield code="8">CIJ-PD</subfield>
    <subfield code="a">BNPHU</subfield>
    <subfield code="b">BNPHU</subfield>
    <subfield code="c">CT</subfield>
    <subfield code="d">2023-07-20</subfield>
    <subfield code="e">USAID- UNIBE</subfield>
    <subfield code="l">0</subfield>
    <subfield code="o">BNPHU F-CIJ-PD D159</subfield>
    <subfield code="p">2024-0660</subfield>
    <subfield code="r">2024-02-05</subfield>
    <subfield code="t">e. 2</subfield>
    <subfield code="w">2024-02-05</subfield>
    <subfield code="y">LF2</subfield>
  </datafield>
  <datafield tag="952" ind1=" " ind2=" ">
    <subfield code="0">0</subfield>
    <subfield code="1">0</subfield>
    <subfield code="2">ddc</subfield>
    <subfield code="5">6</subfield>
    <subfield code="7">0</subfield>
    <subfield code="8">DS</subfield>
    <subfield code="a">BNPHU</subfield>
    <subfield code="b">BNPHU</subfield>
    <subfield code="c">CT</subfield>
    <subfield code="d">2023-07-20</subfield>
    <subfield code="e">USAID- UNIBE</subfield>
    <subfield code="l">0</subfield>
    <subfield code="o">BNPHU F-CIJ-DS D159</subfield>
    <subfield code="p">2024-0661</subfield>
    <subfield code="r">2024-02-05</subfield>
    <subfield code="t">e. 3</subfield>
    <subfield code="w">2024-02-05</subfield>
    <subfield code="y">LF2</subfield>
  </datafield>
  <datafield tag="999" ind1=" " ind2=" ">
    <subfield code="c">55791</subfield>
    <subfield code="d">55791</subfield>
  </datafield>
</record>
